1623 1039 1697 1467 1989 1670 1339 1108 1121 1856 1665 1728 1467 1787 1454 1323 1180 1479 1161 1171 1027 1393 1835 1878 1000 1756 1550 1376 1941 1296 1025 1471 1984 1083 1897 1294 1096 1291 1187 1887 1901 1852 1126 1467 1392 1461 1384 1623 1884 1512 1962 1704 1492 1990 1163 1867 1520 1515 1948 1713 1746 1757 1107 1497 1085 1771 1815 1106 1470 1986 1973 1698 1572 1138 1195 1860 1024 1070 1996 1122 1577 1128 1367 1698 1331 1470 1537 1797 1381 1628 1785 1517 1103 1942 1155 1179 1956 1123 1543 BCNSPRNW ULIB Ver.6.0+V

เปลี่ยนเป็นภาษาไทย

Change to English
 แสดงรายละเอียดบรรณานุกรม
  กลับหน้าหลัก

Brief Record : Get Marc (ISO 2709) : E-mail record : QR code < ปิดหน้าต่าง
LEADER : 00000nam 2200000uu 4500
001    13399128942
003     ULIB
008    020711s2021 th a 000 0 eng d
020    ^a9780826184849
060    ^aWY157.3^bD255F
100    ^aDavidson Michele R.
245    ^aFast Facts for the Neonatal Nurse/^cMichele R. Davidson
250    ^a1st ed
260    ^aNew York, NY :^bSpringer Publishing,^c2021
300    ^a314 pages;^c19 cm
650    ^aNeonatal Nurse
945    ^p1147^l0^i011196
999    ^aประนอม เกษจรัล
รายการนี้ยังไม่มีแท็ก
คุณยังไม่ได้ล็อกอิน คุณสามารถมีกิจกรรมร่วมกับเว็บไซต์ได้ แต่ต้องล็อกอินก่อน ::
  ล็อกอิน

รายการสื่อสารสนเทศ

ลำดับที่ ประเภท เลขเรียก/บาร์โค้ด สถานที่ สถานะ
1. Book การพยาบาล
หนังสือสำรอง
สถานะ=หนังสือสำรอง
WY157.3 D255F ฉ.1 
  Barcode: 011196
ห้องสมุดวิทยาเขตสวรรค์ประชารักษ์
►หนังสือทั่วไป
บนชั้น

BibComment


ยังไม่เคยถูกคอมเมนท์

คอมเมนท์ทรัพยากรรายการนี้
  คอมเมนท์: Fast Facts for t..


 Copyright 2026. Bcnsprnw @Library